00753cam a2200229 a 4500001000800000005001700008008004100025010001700066020001500083040001800098041000800116080001500124082001900139100000700158101000800165245012100173504004100294906004500335942001200380999001700392952011400409116625520180918044657.0960722s1997 mau b 000 0 eng  a 96085675  a1878512064 aDLCcDLCdDLC aeng a616.89 SPA00a616.89 SPA221 a48 aPSI00aPsychological and social aspects of psychiatric disability /cedited by LeRoy Spaniol, Cheryl Gagne, Martin Koehler. aIncludes bibliographical references. a7bcbccorignewd2eopcnf19gy-gencatlg 2ddccBK c47913d47913 00102udc40708PËKGa002b002cPËKGd2018-09-18l0o616.89 SPAp002-3012754r2018-09-18w2018-09-18yBK